000 00366nam a2200145 i 4500
001 bg
100 1 _aRYNG, Marian
245 0 _aBezpieczeństwo techniczne w przemyśle chemicznym :
_bporadnik /
_cMarian Ryng.
250 _aWyd. 2 zm.
260 _aWarszawa,
_c1980.
040 _cBPK
041 _apol
942 _cKS
008 s pl f |000 0 pol
999 _c19365
_d19365
856 _uhttp://koha.tu.koszalin.pl/cgi-bin/koha/opac-detail.pl?biblionumber=19365
_yKatalog online BPK